000 00459nam a2200181Ia 4500
001 18645
005 20260306171646.0
008 260306s9999||||xx |||||||||||||| ||und||
041 _aESP
082 _a658.4092
_bS57
100 _aSinek, Simon
_eAUT
245 0 _aStart with why:
_bhow great leaders inspire everyone to take action
260 _c2019
300 _a246 páginas :
_c20 cm.
650 _aGEN
654 _aCHU
942 _cLIB
_dJUS
_fJUS
_2ddc
_n
999 _c18645
_d18645